[Event "FIDE WCC Blitz Women 2019"]
[Site "Moscow"]
[Date "2019.12.29"]
[Round "7.19"]
[White "Gaponenko, Inna"]
[Black "Guseva, Marina"]
[Result "1/2-1/2"]
[WhiteElo "2415"]
[BlackElo "2245"]
[Annotator "NA"]
[PlyCount "92"]
[EventDate "2019.12.29"]
[EventType "swiss"]
[EventCountry "RUS"]
[SourceTitle "playchess.com"]
[Source "ChessBase"]
[SourceQuality "1"]

1. e4 c5 2. c3 d5 3. exd5 Qxd5 4. d4 Nf6 5. Nf3 Bg4 6. Be2 e6 7. h3 Bh5 8. O-O Be7 9. Be3 cxd4 10. Nxd4 Bxe2 11. Qxe2 a6 12. Nd2 Nc6 13. Nc4 Nxd4 14. Bxd4 Rd8 15. Rfd1 Qc6 16. a4 O-O 17. a5 Qb5 18. Kf1 Rd5 19. Nb6 Qxe2+ 20. Kxe2 Rdd8 21. Bxf6 gxf6 22. Rxd8 Rxd8 23. Rd1 Kf8 24. Rxd8+ Bxd8 25. Nc4 Bc7 26. Ke3 Ke7 27. g4 Kd7 28. Kd4 Kc6 29. b4 Kb5 30. Na3+ Ka4 31. Nc4 Kb5 32. Na3+ Ka4 33. Nc4 Kb5 34. h4 Bb8 35. Kd3 Bc7 36. Kd4 Bb8 37. f3 Bg3 38. h5 Bf2+ 39. Kd3 Bg3 40. Kd4 Bf2+ 41. Kd3 Bg3 42. Nb6 Kc6 43. Nc4 Kd5 44. Ne3+ Kc6 45. Nc4 Be1 46. Ne3 Kd6 1/2-1/2

[Event "FIDE WCC Blitz Women 2019"]
[Site "Moscow"]
[Date "2019.12.29"]
[Round "7.20"]
[White "Cramling, Pia"]
[Black "Injac, Teodora"]
[Result "1-0"]
[WhiteElo "2383"]
[BlackElo "2236"]
[Annotator "NA"]
[PlyCount "57"]
[EventDate "2019.12.29"]
[EventType "swiss"]
[EventCountry "RUS"]
[SourceTitle "playchess.com"]
[Source "ChessBase"]
[SourceQuality "1"]

1. d4 Nf6 2. c4 g6 3. Nc3 Bg7 4. e4 d6 5. Bg5 O-O 6. Qd2 c5 7. dxc5 dxc5 8. Qxd8 Rxd8 9. e5 Nfd7 10. Nd5 Nc6 11. f4 f6 12. exf6 exf6 13. Bh4 Kf7 14. O-O-O Nd4 15. Ne2 Nf5 16. Bf2 b6 17. g4 Nd6 18. Bg2 Bb7 19. b3 Rac8 20. Nec3 Nb8 21. Rhe1 Nc6 22. Kb1 f5 23. gxf5 Nxf5 24. Ne4 h6 25. Bh3 Ncd4 26. Nec3 Re8 27. Bxd4 Bxd4 28. Nb5 Bxd5 29. Bxf5 1-0

[Event "FIDE WCC Blitz Women 2019"]
[Site "Moscow"]
[Date "2019.12.29"]
[Round "7.22"]
[White "Munkhzul, Turmunkh"]
[Black "Mammadzada, Gunay"]
[Result "0-1"]
[WhiteElo "2139"]
[BlackElo "2314"]
[Annotator "TA"]
[PlyCount "142"]
[EventDate "2019.12.29"]
[EventType "swiss"]
[EventCountry "RUS"]
[SourceTitle "playchess.com"]
[Source "ChessBase"]
[SourceQuality "1"]

1. e4 c5 2. Nf3 d6 3. d4 cxd4 4. Nxd4 Nf6 5. Nc3 a6 6. Be2 e5 7. Nf3 h6 8. O-O Be7 9. h3 Be6 10. Be3 Nbd7 11. Qd2 b5 12. a3 Nb6 13. Rfd1 O-O 14. Nh2 Kh7 15. Bxb6 Qxb6 16. Ng4 Nxg4 17. Bxg4 Qc6 18. Qd3 g6 19. Bf3 Rac8 20. Rac1 Bg5 21. Ra1 Rfd8 22. Kh2 Bc4 23. Bg4 Bxd3 24. Rxd3 Rb8 25. Rad1 b4 26. axb4 Rxb4 27. b3 Rb7 28. g3 Qc5 29. Kg2 Be7 30. R1d2 Re8 31. Nd5 Bd8 32. c4 Kg7 33. Rc3 Ba5 34. b4 Bxb4 35. Nxb4 Rxb4 36. Rd5 Qc6 37. c5 Rxe4 38. Rxd6 Qc7 39. Rd7 Qa5 40. Rc2 h5 41. Bf3 Rd4 42. Rb7 e4 43. Be2 Rc8 44. Bc4 Rxc4 45. Rxc4 e3 46. Rf4 Rf8 47. Rb2 exf2 48. Rbxf2 Qxc5 49. h4 a5 50. Kh2 Qb5 51. Ra2 Ra8 52. Raa4 Rc8 53. Ra2 Qb6 54. Raf2 Rc7 55. Ra2 Rc1 56. Raf2 Rc7 57. Ra2 Re7 58. Raf2 Qb5 59. Kh3 a4 60. Ra2 Ra7 61. Ra3 Qd7+ 62. Kh2 Qc6 63. Kh3 f6 64. Kh2 Re7 65. Ra2 a3 66. Rff2 Re3 67. Rfc2 Rc3 68. Rf2 Qd6 69. Rg2 Rb3 70. Rad2 Qxd2 71. Rxd2 Rb2 0-1

[Event "FIDE WCC Blitz Women 2019"]
[Site "Moscow"]
[Date "2019.12.29"]
[Round "7.23"]
[White "Bulmaga, Irina"]
[Black "Khomeriki, Nino"]
[Result "1-0"]
[WhiteElo "2308"]
[BlackElo "2177"]
[Annotator "NA"]
[PlyCount "63"]
[EventDate "2019.12.29"]
[EventType "swiss"]
[EventCountry "RUS"]
[SourceTitle "playchess.com"]
[Source "ChessBase"]
[SourceQuality "1"]

1. e4 e5 2. d4 d6 3. Nf3 exd4 4. Qxd4 Nf6 5. Nc3 Be7 6. Bf4 O-O 7. O-O-O Nc6 8. Qd2 a6 9. h3 b5 10. Bd3 Be6 11. Nd5 Nd7 12. g4 Nc5 13. Kb1 Re8 14. Rhg1 Bf8 15. h4 Nxd3 16. Qxd3 Na5 17. Nd4 c6 18. Ne3 Bc4 19. Nxc4 bxc4 20. Qf3 Rb8 21. c3 Qb6 22. Bc1 Nb7 23. g5 Nc5 24. h5 Nxe4 25. g6 f6 26. h6 hxg6 27. Rxg6 Re7 28. Nf5 Ng5 29. Nxe7+ Bxe7 30. Rxg7+ Kf8 31. Rxg5 Ke8 32. Rg8+ 1-0

[Event "FIDE WCC Blitz Women 2019"]
[Site "Moscow"]
[Date "2019.12.29"]
[Round "7.24"]
[White "Nomin-Erdene, Davaademberel"]
[Black "Goltseva, Ekaterina"]
[Result "0-1"]
[WhiteElo "2298"]
[BlackElo "2143"]
[Annotator "NA"]
[PlyCount "101"]
[EventDate "2019.12.29"]
[EventType "swiss"]
[EventCountry "RUS"]
[SourceTitle "playchess.com"]
[Source "ChessBase"]
[SourceQuality "1"]

1. f4 d5 2. Nf3 Nf6 3. g3 g6 4. Bg2 Bg7 5. O-O O-O 6. d3 c5 7. c3 Nc6 8. Na3 a6 9. Qe1 b5 10. e4 dxe4 11. dxe4 e5 12. f5 Qc7 13. Nh4 b4 14. Nc4 a5 15. Ne3 Ba6 16. c4 Nd4 17. b3 Bb7 18. Nd5 Bxd5 19. exd5 Qd7 20. Qd2 a4 21. bxa4 Rxa4 22. Bb2 Rfa8 23. Bxd4 exd4 24. fxg6 fxg6 25. Rfb1 Ra3 26. Rb2 b3 27. d6 R8a7 28. Qe2 Qxd6 29. Nf3 Rxa2 30. Raxa2 bxa2 31. Rxa2 d3 32. Qd2 Ne4 33. Rxa7 Nxd2 34. Ra8+ Kf7 35. Nxd2 Bd4+ 36. Kf1 Qf6+ 37. Bf3 Bc3 38. Ra7+ Kf8 39. Ra8+ Ke7 40. Ra7+ Kd8 41. Ra8+ Kc7 42. Ra7+ Kb6 43. Rb7+ Ka6 44. Ke1 Bxd2+ 45. Kxd2 Qxf3 46. Rd7 Qf2+ 47. Kxd3 Qxh2 48. Rd6+ Ka5 49. Ke4 Qxg3 50. Kd5 Qxd6+ 51. Ke4 0-1

[Event "FIDE WCC Blitz Women 2019"]
[Site "Moscow"]
[Date "2019.12.29"]
[Round "7.25"]
[White "Nazarova, Anastasia"]
[Black "Mammadova, Gulnar"]
[Result "1/2-1/2"]
[WhiteElo "2049"]
[BlackElo "2293"]
[Annotator "NA"]
[PlyCount "105"]
[EventDate "2019.12.29"]
[EventType "swiss"]
[EventCountry "RUS"]
[SourceTitle "playchess.com"]
[Source "ChessBase"]
[SourceQuality "1"]

1. e4 e6 2. d4 d5 3. Nd2 a6 4. Ngf3 c5 5. dxc5 Bxc5 6. Bd3 Nc6 7. O-O Nf6 8. Qe2 O-O 9. c3 h6 10. Re1 Ng4 11. Rf1 Bb6 12. h3 Nge5 13. Bc2 d4 14. Nxe5 Nxe5 15. cxd4 Bxd4 16. Nb3 Bb6 17. Kh1 Bd7 18. f4 Bb5 19. Qd1 Bxf1 20. Qxf1 Rc8 21. Qe2 Ng6 22. e5 Qh4 23. Bxg6 fxg6 24. Bd2 Qf2 25. Qe4 Rcd8 26. Qxg6 Be3 27. Qxe6+ Kh8 28. Bxe3 Qxe3 29. f5 Rde8 30. Qd7 Qxe5 31. Qxb7 a5 32. Qa6 Rxf5 33. Qc6 Qe6 34. Qxe6 Rxe6 35. Nd4 Ree5 36. Nxf5 Rxf5 37. Rc1 Rf2 38. Rc5 a4 39. Ra5 Rxb2 40. Rxa4 Kg8 41. Ra7 Kh7 42. a4 Kg6 43. Kh2 Rb3 44. a5 h5 45. h4 Ra3 46. g3 Ra2+ 47. Kh3 Kf6 48. Ra6+ Kf7 49. Ra7+ Kg6 50. a6 Kh6 51. Ra8 Kh7 52. Ra7 Kh6 53. Ra8 1/2-1/2

[Event "FIDE WCC Blitz Women 2019"]
[Site "Moscow"]
[Date "2019.12.29"]
[Round "7.26"]
[White "Kovalevskaya, Ekaterina"]
[Black "Diakonova, Ekaterina"]
[Result "1/2-1/2"]
[WhiteElo "2286"]
[BlackElo "2090"]
[Annotator "NA"]
[PlyCount "65"]
[EventDate "2019.12.29"]
[EventType "swiss"]
[EventCountry "RUS"]
[SourceTitle "playchess.com"]
[Source "ChessBase"]
[SourceQuality "1"]

1. Nf3 Nf6 2. g3 g6 3. Bg2 Bg7 4. O-O O-O 5. d4 d5 6. c4 c6 7. cxd5 cxd5 8. Ne5 Nc6 9. Nxc6 bxc6 10. Nc3 Ba6 11. Bf4 Nd7 12. Rc1 e5 13. dxe5 Nxe5 14. Na4 Re8 15. Nc5 Qa5 16. Qe1 Qb5 17. Nxa6 Qxa6 18. Bxe5 Bxe5 19. b4 Rac8 20. Qd2 Qa3 21. e3 Bd6 22. Rb1 Rb8 23. Qc2 Rb6 24. b5 cxb5 25. Bxd5 a5 26. Qb3 Qxb3 27. Bxb3 Reb8 28. Rfd1 a4 29. Bd5 b4 30. Rd4 Be5 31. Re4 Bc3 32. Re7 Rf8 33. Ra7 1/2-1/2

[Event "FIDE WCC Blitz Women 2019"]
[Site "Moscow"]
[Date "2019.12.29"]
[Round "7.27"]
[White "Antova, Gabriela"]
[Black "Maltsevskaya, Aleksandra"]
[Result "0-1"]
[WhiteElo "1965"]
[BlackElo "2280"]
[Annotator "NA"]
[PlyCount "74"]
[EventDate "2019.12.29"]
[EventType "swiss"]
[EventCountry "RUS"]
[SourceTitle "playchess.com"]
[Source "ChessBase"]
[SourceQuality "1"]

1. d4 Nf6 2. c4 g6 3. Nc3 Bg7 4. e4 d6 5. Nf3 O-O 6. Be2 e5 7. Be3 Ng4 8. Bg5 f6 9. Bc1 Nc6 10. d5 Ne7 11. h3 Nh6 12. h4 c5 13. Nh2 a6 14. g4 b5 15. cxb5 axb5 16. Bxb5 f5 17. g5 Nf7 18. f3 h6 19. Rg1 h5 20. Bd2 Qb6 21. Qc2 f4 22. O-O-O Nd8 23. Nf1 Nb7 24. Be1 Na5 25. Nd2 c4 26. Rg2 Ba6 27. Bf2 Qb7 28. Bxa6 Qxa6 29. a3 Rfb8 30. Rgg1 Rb7 31. Rge1 Rab8 32. Re2 Nc8 33. Rde1 Nb6 34. Bxb6 Rxb6 35. Na4 Nb3+ 36. Nxb3 cxb3 37. Qc3 Qxa4 0-1

[Event "FIDE WCC Blitz Women 2019"]
[Site "Moscow"]
[Date "2019.12.29"]
[Round "7.28"]
[White "Hejazipour, Mitra"]
[Black "Buksa, Nataliya"]
[Result "0-1"]
[WhiteElo "2191"]
[BlackElo "2356"]
[Annotator "NA"]
[PlyCount "94"]
[EventDate "2019.12.29"]
[EventType "swiss"]
[EventCountry "RUS"]
[SourceTitle "playchess.com"]
[Source "ChessBase"]
[SourceQuality "1"]

1. d4 d5 2. c4 e6 3. Nf3 Nf6 4. Nc3 Nbd7 5. Bg5 h6 6. Bh4 c6 7. e3 g5 8. Bg3 Nh5 9. Bd3 Nxg3 10. hxg3 Bg7 11. Qe2 Qe7 12. Rc1 Nb6 13. b3 Bd7 14. c5 Nc8 15. b4 e5 16. dxe5 Bxe5 17. Nxe5 Qxe5 18. Bb1 Ne7 19. Qd2 h5 20. Ne2 Nf5 21. Nd4 Nxd4 22. Qxd4 Qxd4 23. exd4 a5 24. bxa5 Rxa5 25. Kd2 Ke7 26. Rc3 Ra4 27. Ke3 Kf6 28. Rb3 Re8+ 29. Kd3 Rc4 30. Rxb7 Bf5+ 31. Kd2 Rxd4+ 32. Kc3 Rc4+ 33. Kb3 Bxb1 34. Rxb1 Rxc5 35. Rb2 Ra5 36. Rb6 Re6 37. Rc2 c5 38. Rb8 c4+ 39. Kb4 Rea6 40. Rb6+ Rxb6+ 41. Kxa5 Rb1 42. a4 Ke5 43. Ka6 Kd4 44. a5 Kd3 45. Ra2 c3 46. Ra3 Kd2 47. Ka7 c2 0-1

[Event "FIDE WCC Blitz Women 2019"]
[Site "Moscow"]
[Date "2019.12.29"]
[Round "7.29"]
[White "Heinemann, Josefine"]
[Black "Badelka, Olga"]
[Result "1-0"]
[WhiteElo "2325"]
[BlackElo "2186"]
[Annotator "NA"]
[PlyCount "87"]
[EventDate "2019.12.29"]
[EventType "swiss"]
[EventCountry "RUS"]
[SourceTitle "playchess.com"]
[Source "ChessBase"]
[SourceQuality "1"]

1. e4 c5 2. Nf3 Nc6 3. d4 cxd4 4. Nxd4 e5 5. Nb5 d6 6. c4 Be7 7. Be2 f5 8. exf5 Bxf5 9. O-O Nf6 10. Bg5 O-O 11. N5c3 Nd4 12. Bxf6 Rxf6 13. Nd5 Rh6 14. Nbc3 Bf8 15. Bg4 Qh4 16. h3 Rg6 17. Bxf5 Nxf5 18. Qd3 Nd4 19. Kh2 Qg5 20. g3 Rc8 21. b3 Rh6 22. Kg2 Re8 23. Rae1 Ree6 24. f4 exf4 25. Nxf4 Rxe1 26. Rxe1 Nf5 27. Ne4 Qd8 28. Qd5+ Kh8 29. Qxf5 Be7 30. Nf2 Rf6 31. Qe4 Bf8 32. Ng4 Rf7 33. Qe6 Re7 34. Qxe7 Bxe7 35. Nd5 Bf6 36. Ngxf6 gxf6 37. Re7 b6 38. Kf3 a5 39. Rf7 Kg8 40. Rxf6 Kg7 41. Re6 Qf8+ 42. Nf4 Qf5 43. Re7+ Kf8 44. Re4 1-0

[Event "FIDE WCC Blitz Women 2019"]
[Site "Moscow"]
[Date "2019.12.29"]
[Round "7.30"]
[White "Bivol, Alina"]
[Black "Shuvalova, Polina"]
[Result "0-1"]
[WhiteElo "2186"]
[BlackElo "2302"]
[Annotator "NA"]
[PlyCount "132"]
[EventDate "2019.12.29"]
[EventType "swiss"]
[EventCountry "RUS"]
[SourceTitle "playchess.com"]
[Source "ChessBase"]
[SourceQuality "1"]

1. c4 e6 2. g3 d5 3. Bg2 Nf6 4. Nf3 Be7 5. O-O O-O 6. d4 dxc4 7. Qc2 a6 8. a4 Bd7 9. Rd1 Bc6 10. Nc3 Bb4 11. Bg5 h6 12. Bxf6 Qxf6 13. e4 b6 14. d5 Bxc3 15. bxc3 exd5 16. exd5 Bb7 17. Nd4 Nd7 18. Qe2 Ne5 19. Qh5 Rfe8 20. h4 Nd3 21. Rf1 Re5 22. Qg4 h5 23. Qd7 Re7 24. Qh3 Ree8 25. Qd7 Qe7 26. Qf5 Qe5 27. Qf3 Rad8 28. Nc6 Bxc6 29. dxc6 Rd6 30. Rad1 Rf6 31. Qd5 Qxd5 32. Bxd5 b5 33. axb5 axb5 34. Rb1 Rf5 35. Rxb5 Ne5 36. Bxc4 g6 37. Ba2 Nf3+ 38. Kg2 Rxb5 39. Kxf3 Rb2 40. Bd5 Rd8 41. c4 Rb3+ 42. Kg2 Rb2 43. Re1 Kf8 44. Kf3 Ra8 45. Re4 Raa2 46. Ke3 Rxf2 47. Kd4 Rfd2+ 48. Kc5 Ra5+ 49. Kb4 Ra6 50. Rf4 f5 51. Rf3 Rb2+ 52. Kc5 Ra5+ 53. Kd4 Rd2+ 54. Ke5 Ke7 55. Re3 Rf2 56. Kd4+ Kf8 57. Re6 Kg7 58. Re7+ Kh6 59. Rxc7 f4 60. Bg8 g5 61. hxg5+ Kxg5 62. Rg7+ Kh6 63. gxf4 Kxg7 64. Bd5 Ra8 65. Kc5 Rxf4 66. Kb6 Rff8 0-1

[Event "FIDE WCC Blitz Women 2019"]
[Site "Moscow"]
[Date "2019.12.29"]
[Round "7.31"]
[White "Balaian, Alina"]
[Black "Batsiashvili, Nino"]
[Result "0-1"]
[WhiteElo "2173"]
[BlackElo "2259"]
[Annotator "NA"]
[PlyCount "97"]
[EventDate "2019.12.29"]
[EventType "swiss"]
[EventCountry "RUS"]
[SourceTitle "playchess.com"]
[Source "ChessBase"]
[SourceQuality "1"]

1. e4 e5 2. f4 exf4 3. Nf3 Ne7 4. d4 Ng6 5. Bd3 d5 6. exd5 Qxd5 7. O-O Be7 8. c4 Qd8 9. Nc3 O-O 10. Nd5 Nc6 11. Kh1 Bg4 12. Be2 Bd6 13. c5 Be7 14. Nxf4 Bxf3 15. Bxf3 Nxd4 16. Bxb7 Rb8 17. c6 Bc5 18. Be3 Bb6 19. Nh5 Qh4 20. a4 Rbd8 21. Ng3 Nxc6 22. Qc1 Na5 23. Be4 Nb3 24. Bg5 Nxc1 25. Bxh4 Nb3 26. Bxd8 Nxa1 27. Bxc7 Bxc7 28. Rxa1 Rb8 29. Rb1 Rb4 30. Bc6 Bxg3 31. hxg3 Ne5 32. Bb5 f6 33. Kg1 g5 34. Kf2 Kg7 35. b3 a5 36. Ke3 h5 37. Kf2 f5 38. Ke3 Kf6 39. Kf2 Nf7 40. Rh1 Nd6 41. Bd7 Rxb3 42. Rxh5 Ne4+ 43. Kg1 Rb1+ 44. Kh2 Nf2 45. Rh6+ Ke7 46. Rh7+ Kf6 47. g4 f4 48. Rh6+ Kg7 49. g3 0-1

[Event "FIDE WCC Blitz Women 2019"]
[Site "Moscow"]
[Date "2019.12.29"]
[Round "7.32"]
[White "Nebolsina, Vera"]
[Black "Styazhkina, Anna"]
[Result "0-1"]
[WhiteElo "2252"]
[BlackElo "2159"]
[Annotator "NA"]
[PlyCount "98"]
[EventDate "2019.12.29"]
[EventType "swiss"]
[EventCountry "RUS"]
[SourceTitle "playchess.com"]
[Source "ChessBase"]
[SourceQuality "1"]

1. e4 e5 2. Nf3 Nc6 3. Bb5 a6 4. Ba4 Nf6 5. O-O Bc5 6. c3 b5 7. Bb3 d6 8. d4 Bb6 9. h3 h6 10. Be3 O-O 11. Nbd2 Re8 12. d5 Bxe3 13. fxe3 Ne7 14. Nh4 Ng6 15. Nf5 a5 16. a4 Ba6 17. axb5 Bxb5 18. c4 Bd7 19. Ba4 Bxa4 20. Rxa4 Nd7 21. Qf3 Rf8 22. Rfa1 Qb8 23. b3 Qb6 24. h4 Nc5 25. R4a3 Rfe8 26. h5 Ne7 27. Nh4 Rf8 28. Kh2 Nd3 29. g4 f6 30. Qe2 Rfb8 31. Qxd3 Qc5 32. Ra4 Nc8 33. Nf5 Nb6 34. R4a2 Nd7 35. Ne7+ Kf7 36. Nc6 Rb7 37. Rxa5 Rxa5 38. Rxa5 Qb6 39. Nd8+ Ke8 40. Nxb7 Qxb7 41. Qc3 Nc5 42. Qa1 Qb4 43. Ra8+ Ke7 44. Qb2 Nd3 45. Qa2 Nc1 46. Qc2 Ne2 47. Nf1 Qe1 48. Ra2 Qf2+ 49. Kh3 Ng1# 0-1

[Event "FIDE WCC Blitz Women 2019"]
[Site "Moscow"]
[Date "2019.12.29"]
[Round "7.33"]
[White "Druzhinina, Olga"]
[Black "Fataliyeva, Ulviyya"]
[Result "0-1"]
[WhiteElo "2245"]
[BlackElo "2108"]
[Annotator "NA"]
[PlyCount "130"]
[EventDate "2019.12.29"]
[EventType "swiss"]
[EventCountry "RUS"]
[SourceTitle "playchess.com"]
[Source "ChessBase"]
[SourceQuality "1"]

1. d4 e6 2. c4 f5 3. Nf3 Nf6 4. Nc3 Be7 5. g3 d5 6. Bg2 Ne4 7. O-O c6 8. e3 O-O 9. Nd2 Nd7 10. Qe2 b6 11. Ndxe4 fxe4 12. f3 exf3 13. Rxf3 Ba6 14. b3 Nf6 15. Bd2 Rc8 16. Bh3 Qd6 17. Rf4 c5 18. dxc5 Rxc5 19. Nb5 Bxb5 20. cxb5 Ne4 21. Bb4 Qe5 22. Raf1 Rxf4 23. gxf4 Qf6 24. Bxc5 Bxc5 25. Kh1 Kh8 26. Qh5 g6 27. Qg4 Bxe3 28. Qxe6 Nf2+ 29. Kg2 Qxf4 30. Qxd5 Kg7 31. Be6 Qh4 32. Qf3 Qd4 33. Qf7+ Kh6 34. Qf8+ Kg5 35. Qe7+ Kh5 36. Qxh7+ Kg5 37. Qe7+ Kh6 38. Qf8+ Kh5 39. Qf3+ Kh6 40. Bg8 Ne4 41. Qh3+ Kg5 42. Qf3 Qd2+ 43. Kh1 Nf2+ 44. Kg2 Ng4+ 45. Rf2 Qxf2+ 46. Qxf2 Nxf2 47. Kf3 Bc5 48. b4 Bd4 49. a4 Ng4 50. h3 Nf6 51. Be6 Bc3 52. a5 Bxb4 53. axb6 axb6 54. Ke3 Kh4 55. Kf4 g5+ 56. Ke5 Nh5 57. Bg4 Nf4 58. Kf5 Bd2 59. Ke5 Nxh3 60. Be6 g4 61. Kd6 g3 62. Bd5 Nf4 63. Bf3 g2 64. Bxg2 Nxg2 65. Kc6 Be3 0-1

[Event "FIDE WCC Blitz Women 2019"]
[Site "Moscow"]
[Date "2019.12.29"]
[Round "7.34"]
[White "Bykova, Anastasia"]
[Black "Gevorgyan, Maria"]
[Result "0-1"]
[WhiteElo "2107"]
[BlackElo "2244"]
[Annotator "NA"]
[PlyCount "110"]
[EventDate "2019.12.29"]
[EventType "swiss"]
[EventCountry "RUS"]
[SourceTitle "playchess.com"]
[Source "ChessBase"]
[SourceQuality "1"]

1. d4 d5 2. c4 dxc4 3. Nf3 Nf6 4. e3 e6 5. Bxc4 a6 6. a4 c5 7. O-O Qc7 8. Qe2 Nc6 9. Nc3 Be7 10. dxc5 Bxc5 11. e4 b6 12. e5 Nd7 13. Bf4 Bb7 14. Rac1 h6 15. h3 Rc8 16. Ne4 a5 17. Nd6+ Bxd6 18. exd6 Qd8 19. Bd3 Qf6 20. Bg3 O-O 21. Qe4 g6 22. Qe3 Kh7 23. Bb5 Nc5 24. Bf4 g5 25. Bg3 Rfd8 26. b3 Qg6 27. Rfd1 Nb4 28. Ne5 Qg7 29. Nc4 Nd5 30. Rxd5 exd5 31. Nxb6 d4 32. Qe2 d3 33. Qe3 d2 34. Qxd2 Ne4 35. Bd3 Rxc1+ 36. Qxc1 Qd4 37. Qc2 Kg7 38. Nc4 Nxg3 39. Nxa5 Qd5 40. fxg3 Qxa5 41. Bc4 Qc5+ 42. Kh2 Qxd6 43. Qc3+ Qd4 44. Qb4 Qe4 45. Qc3+ Kg8 46. Qb2 Qe3 47. Qf6 Rd7 48. Qf5 Qd2 49. Bf1 Kf8 50. a5 Qd5 51. Qf6 Rd6 52. Qh8+ Ke7 53. Qb8 Rf6 54. a6 Rxa6 55. Bxa6 Qxg2# 0-1

[Event "FIDE WCC Blitz Women 2019"]
[Site "Moscow"]
[Date "2019.12.29"]
[Round "7.35"]
[White "Solozhenkina, Elizaveta"]
[Black "Bulatova, Kamaliya"]
[Result "1/2-1/2"]
[WhiteElo "2214"]
[BlackElo "2038"]
[Annotator "NA"]
[PlyCount "78"]
[EventDate "2019.12.29"]
[EventType "swiss"]
[EventCountry "RUS"]
[SourceTitle "playchess.com"]
[Source "ChessBase"]
[SourceQuality "1"]

1. Nf3 d5 2. g3 g6 3. Bg2 Bg7 4. d4 c6 5. O-O Nf6 6. Re1 O-O 7. Nbd2 Nbd7 8. e4 dxe4 9. Nxe4 Nxe4 10. Rxe4 Nf6 11. Re1 h6 12. c3 Be6 13. Bf4 Nd5 14. Bd2 Qb6 15. Qc1 Kh7 16. Ne5 c5 17. c4 Nf6 18. dxc5 Qxc5 19. Bxb7 Rab8 20. Bg2 Nd7 21. Nxd7 Bxd7 22. Bc3 Qxc4 23. Bxg7 Qxc1 24. Raxc1 Kxg7 25. Rxe7 Be6 26. b3 a5 27. Ra7 Rb5 28. Bf1 Re5 29. Rd1 Rc8 30. h4 Rc2 31. a4 Bxb3 32. Rb1 Bxa4 33. Ra1 Bb3 34. R7xa5 Rxa5 35. Rxa5 Rc1 36. Kg2 Be6 37. f3 Rc2+ 38. Kg1 Rc3 39. Kf2 Rc2+ 1/2-1/2

[Event "FIDE WCC Blitz Women 2019"]
[Site "Moscow"]
[Date "2019.12.29"]
[Round "7.36"]
[White "Fominykh, Maria"]
[Black "Atalik, Ekaterina"]
[Result "1-0"]
[WhiteElo "2055"]
[BlackElo "2211"]
[Annotator "NA"]
[PlyCount "105"]
[EventDate "2019.12.29"]
[EventType "swiss"]
[EventCountry "RUS"]
[SourceTitle "playchess.com"]
[Source "ChessBase"]
[SourceQuality "1"]

1. Nf3 d5 2. g3 Nf6 3. Bg2 g6 4. O-O Bg7 5. d3 O-O 6. Nbd2 Nc6 7. e4 e5 8. Re1 Bg4 9. h3 Be6 10. Ng5 Qd7 11. c3 h6 12. Nxe6 fxe6 13. Qb3 Rab8 14. exd5 exd5 15. Ne4 Rbd8 16. Nxf6+ Rxf6 17. Qxb7 Rdf8 18. Re2 Rb8 19. Qa6 Nd4 20. Qxa7 Nxe2+ 21. Kf1 Rbf8 22. Kxe2 d4 23. f3 dxc3 24. bxc3 e4 25. dxe4 Rc6 26. Bd2 Bxc3 27. Rd1 Bxd2 28. Rxd2 Qe6 29. Qe3 Qc4+ 30. Qd3 Qxd3+ 31. Rxd3 Rc2+ 32. Rd2 Rxd2+ 33. Kxd2 Ra8 34. Bf1 Kf8 35. Bc4 Ke7 36. Ke3 Kd6 37. f4 Ra5 38. e5+ Kc5 39. Bf7 g5 40. f5 Ra4 41. f6 Rd4 42. Bb3 Rb4 43. e6 Kd6 44. e7 Rb8 45. Ba4 c6 46. Bb3 Kd7 47. Ke4 Ke8 48. Kd4 Rb4+ 49. Kc5 Re4 50. Kxc6 Re3 51. Kd6 Rd3+ 52. Ke5 Re3+ 53. Kd4 1-0

[Event "FIDE WCC Blitz Women 2019"]
[Site "Moscow"]
[Date "2019.12.29"]
[Round "7.37"]
[White "Sgircea, Silvia-Raluca"]
[Black "Kulon, Klaudia"]
[Result "0-1"]
[WhiteElo "2154"]
[BlackElo "2457"]
[Annotator "ChessBase"]
[PlyCount "110"]
[EventDate "2019.12.29"]
[EventType "swiss"]
[EventCountry "RUS"]
[SourceTitle "playchess.com"]
[Source "ChessBase"]
[SourceQuality "1"]

1. Nf3 Nf6 2. c4 g6 3. g3 Bg7 4. Bg2 O-O 5. O-O d6 6. d4 Nc6 7. Nc3 e5 8. d5 Nb8 9. c5 Nbd7 10. cxd6 cxd6 11. Nd2 a5 12. b3 Nc5 13. Bb2 b6 14. Nc4 Ba6 15. a4 Rc8 16. Nb5 Ne8 17. Na7 Ra8 18. Nc6 Qc7 19. Rc1 f5 20. Na3 Nf6 21. Re1 Kh8 22. Nc4 Rfe8 23. Ba3 Bxc4 24. Rxc4 e4 25. b4 axb4 26. Rxb4 Ng4 27. Qc2 h6 28. Reb1 Ra6 29. Bf1 Rea8 30. Bc1 e3 31. f3 Nf6 32. Bxe3 Nxd5 33. Bxc5 dxc5 34. R4b3 Qxc6 35. e4 fxe4 36. fxe4 Nf6 37. Bxa6 Rxa6 38. Qd3 Rxa4 39. Rxb6 Qxe4 40. Rb8+ Kh7 41. Qxe4 Rxe4 42. Rc1 h5 43. Rxc5 Nd7 44. Rcc8 Nxb8 45. Rxb8 h4 46. gxh4 Rxh4 47. Rb7 Kh6 48. Kg2 Be5 49. h3 Ra4 50. Rb5 Bf4 51. Kf3 Bd6 52. Rb2 Ra3+ 53. Kg2 Rg3+ 54. Kf2 Rxh3 55. Rd2 Bf4 0-1

[Event "FIDE WCC Blitz Women 2019"]
[Site "Moscow"]
[Date "2019.12.29"]
[Round "7.38"]
[White "Nurgali, Nazerke"]
[Black "Mamedjarova, Zeinab"]
[Result "1/2-1/2"]
[WhiteElo "2075"]
[BlackElo "2325"]
[Annotator "NA"]
[PlyCount "238"]
[EventDate "2019.12.29"]
[EventType "swiss"]
[EventCountry "RUS"]
[SourceTitle "playchess.com"]
[Source "ChessBase"]
[SourceQuality "1"]

1. d4 d5 2. Nf3 Nf6 3. c4 dxc4 4. e3 e6 5. Bxc4 a6 6. O-O b5 7. Be2 Bb7 8. b3 Be7 9. Bb2 O-O 10. a4 b4 11. Nbd2 c5 12. Nc4 Nbd7 13. Rc1 a5 14. Qc2 Rc8 15. Qb1 h6 16. Rfd1 Be4 17. Qa1 Qc7 18. Nfe5 Rfd8 19. Nxd7 Nxd7 20. Nd2 Bd5 21. dxc5 Bf8 22. e4 Bb7 23. c6 Bxc6 24. Bb5 Qb7 25. Bxc6 Rxc6 26. Nc4 Ra6 27. Rc2 Qxe4 28. Rcd2 Ra7 29. Bd4 Raa8 30. Be3 Qb7 31. Nd6 Qc7 32. Nb5 Qc6 33. Rc1 Qe4 34. Rcd1 Qc6 35. Qb2 Be7 36. Rc1 Qe4 37. Rc4 Qe5 38. Nd4 Nb6 39. Rc1 Rd5 40. Rcd1 Rad8 41. Qc2 Bf6 42. Nc6 Rxd2 43. Bxd2 Qc7 44. Qc1 Rc8 45. Nxa5 Qd6 46. Qb1 Qd5 47. Nc4 Rd8 48. Ne3 Qb7 49. Bxb4 Bd4 50. Nc2 e5 51. Nxd4 exd4 52. Bc5 d3 53. Bxb6 Qxb6 54. Rxd3 Rb8 55. h3 Qb4 56. Qc2 h5 57. Qc4 Qa3 58. Qc7 Re8 59. Re3 Ra8 60. Qb7 Rd8 61. Qc6 Rd1+ 62. Kh2 Qa1 63. Re8+ Kh7 64. Qc2+ g6 65. Qe4 Rh1+ 66. Kg3 Qf6 67. Qf4 Qc3+ 68. Qf3 Qc7+ 69. Qf4 h4+ 70. Kf3 Qc6+ 71. Qe4 Qc3+ 72. Qe3 Qf6+ 73. Ke2 Rb1 74. Re4 Rb2+ 75. Kd3 Rxb3+ 76. Kd2 Rxe3 77. fxe3 Qf2+ 78. Kd3 Qf1+ 79. Kd4 Qa1+ 80. Kc5 Qc3+ 81. Kb5 Qd3+ 82. Rc4 Qxe3 83. a5 Qe5+ 84. Rc5 Qb8+ 85. Kc6 Qa8+ 86. Kb5 Qxg2 87. a6 Qxh3 88. a7 Qa3 89. Kb6 Kh6 90. Ra5 Qd6+ 91. Kb7 Qd7+ 92. Kb6 Qd8+ 93. Ka6 Qa8 94. Rb5 h3 95. Rb8 Qc6+ 96. Ka5 Qc5+ 97. Ka6 Qa3+ 98. Kb7 Qb4+ 99. Ka6 Qc4+ 100. Kb7 Qd5+ 101. Ka6 Qc6+ 102. Ka5 g5 103. a8=Q Qxa8+ 104. Rxa8 g4 105. Rh8+ Kg5 106. Kb4 Kf4 107. Kc3 g3 108. Rxh3 g2 109. Rh4+ Kf3 110. Rh7 f5 111. Rg7 f4 112. Kd3 Kf2 113. Ke4 f3 114. Rg4 Ke2 115. Kf4 Kf2 116. Rg3 Ke2 117. Rg4 f2 118. Rxg2 Ke1 119. Rxf2 Kxf2 1/2-1/2